1669 1194 1101 1273 1543 1411 1511 1487 1915 1046 1362 1796 1003 1068 1132 1029 1405 1948 1920 1284 1784 1903 1537 1986 1364 1203 1442 1064 1544 1679 1613 1478 1934 1525 1645 1315 1504 1724 1607 1492 1741 1697 1694 1628 1895 1915 1015 1526 1818 1802 1861 1893 1335 1405 1325 1913 1593 1249 1371 1525 1183 1774 1834 1147 1351 1113 1066 1577 1622 1343 1879 1013 1866 1758 1139 1503 1724 1522 1577 1208 1619 1140 1328 1086 1698 1897 1687 1047 1173 1790 1088 1635 1568 1369 1826 1072 1899 1130 1930 BCNSPRNW ULIB Ver.6.0+V

เปลี่ยนเป็นภาษาไทย

Change to English
 แสดงรายละเอียดบรรณานุกรม
  กลับหน้าหลัก

Brief Record : Get Marc (ISO 2709) : E-mail record : QR code < ปิดหน้าต่าง
LEADER : 00000nam 2200000uu 4500
001    13399125941
003     ULIB
008    171120s2560||||th 000 0 tha d
020    ^a9786164299979
060 04 ^aWM203.5^bพ255ค
100 0  ^aพรมณี หาญหัก
245 10 ^aคู่มือการกระตุ้นและส่งเสริมพัฒนาการเด็กที่มีภาวะออทิซึมสเปกตรัม /^cพรมณี หาญหัก
246 30 ^aStimulation and strengthening of development in children with autism spectrum disorder
250    ^aพิมพ์ครั้งที่ 1
260    ^aขอนแก่น :^bคลังนานาวิทยา,^c2560
300    ^a113 หน้า :^bภาพประกอบ ;^c21 ซม.
650  4 ^aเด็กพิเศษ
650  4 ^aออติสมในเด็ก
650  0 ^aเด็กออทิสติก^xการดูแล
650  0 ^aเด็กออทิสติก^xการปรับพฤติกรรม
650  0 ^aเด็กออทิสติก^xคู่มือ
700 0  ^aสุชาติ พหลภาคย์,^eบรรณาธิการ
700 0  ^aกุศลาภรณ์ ชัยอุดมสม,^eบรรณาธิการ
945    ^p0^l0^i003375
999    ^aประนอม เกษจรัล
รายการนี้ยังไม่มีแท็ก
คุณยังไม่ได้ล็อกอิน คุณสามารถมีกิจกรรมร่วมกับเว็บไซต์ได้ แต่ต้องล็อกอินก่อน ::
  ล็อกอิน

รายการสื่อสารสนเทศ

ลำดับที่ ประเภท เลขเรียก/บาร์โค้ด สถานที่ สถานะ
1. วิทยาศาสตร์การแพทย์ และสุขภาพ
วิทยาศาสตร์การแพทย์ และสุขภาพ
WM203.5 พ255ค ฉ.1 
  Barcode: 003375
ห้องสมุดวิทยาเขตนครสวรรค์
►หนังสือทั่วไป:l:General Books
บนชั้น

รายการใกล้เคียง
    หัวเรื่อง [เด็กพิเศษ]
    หัวเรื่อง [ออติสมในเด็ก]

BibComment


ยังไม่เคยถูกคอมเมนท์

คอมเมนท์ทรัพยากรรายการนี้
  คอมเมนท์: คู่มือการกระตุ้น..


 Copyright 2026. Bcnsprnw @Library